| 000 | 00910aam a2200313 4500 | ||
|---|---|---|---|
| 005 | 20250723154224.0 | ||
| 008 | 150727b2000 xxu||||| |||| 00| 0 spa d | ||
| 020 | _a84808886110 | ||
| 041 | _aESP | ||
| 082 | _a658.409.2 B973c | ||
| 100 |
_aBurt, Vikky _938385 |
||
| 245 | _aCómo evaluar y mejorar sus habilidades directivas | ||
| 260 | _aEspaña | ||
| 260 | _bGestión 2000 | ||
| 260 | _c2000 | ||
| 300 | _a93 páginas | ||
| 490 | _aDirección y Administración de Empresas | ||
| 650 | _aLIDERAZGO EJECUTIVO | ||
| 650 | _aEVALUAR HABILIDADES DIRECTIVAS | ||
| 650 | _aDESARROLLAR NUEVAS CAPACIDADES | ||
| 650 | _aNORMATIVA DIRECTIVA | ||
| 650 | _aPRUEBA DE CAPACIDADES DIRECTIVAS | ||
| 650 | _aACTIVIDADES DIRECTIVAS | ||
| 650 | _aCAPACIDAD DIRECTIVA | ||
| 650 | _aHABILIDADES PERSONALES | ||
| 650 | _aEXAMINAR RENDIMIENTO | ||
| 650 | _aEVALUACIÓN DE DIRECTIVAS | ||
| 942 |
_cBK _2ddc |
||
| 999 |
_c6514 _d6514 |
||